| 000 | 01325nam2a2200253 4500 | ||
|---|---|---|---|
| 001 | RU\NLR\BIBL_A\011798314 | ||
| 005 | 20181004152802.0 | ||
| 010 |
_a978-5-4224-1436-9 _bт. 2 |
||
| 021 |
_aRU _bКН-П-18-062689 _9КН-П-18-4510 |
||
| 035 | _a(NLR Aleph) 011798314 | ||
| 035 | _a(RuMoRGB)009724085 | ||
| 090 |
_a11858556 _c11858556 |
||
| 100 | _a20180925d2018 u y0rusy50 ca | ||
| 101 | 1 |
_arus _ceng |
|
| 102 | _aRU | ||
| 105 | _aa z 000ay | ||
| 200 | 1 |
_aРавенство _eроман (окончание) _aЧудный сон _eповесть _aСказка о воде _g[перевод с английского Б. Винницкой и др.] |
|
| 215 |
_a333, [1] с. _cил. |
||
| 461 | 1 |
_1001RU\NLR\BIBL_A\011797710 _12001#$aСобрание сочинений$e[перевод с английского]$eв двух томах$fЭдвард Беллами$vТ. 2 _1700#1$aБеллами$bЭ.$f1850-1898$gЭдуард$3RU\NLR\AUTH\7765035 _911855477 _aБеллами, Э. (1850-1898) _cМосква _d2018 _fЭдвард Беллами _nТерра _o[перевод с английского] : в двух томах _tСобрание сочинений _y9785422414345 _vТ. 2 |
|
| 942 | _cBOOK | ||
| 980 | _aNB | ||